<?xml version="1.0" encoding="UTF-8"?>
<record
    xmlns:xsi="http://www.w3.org/2001/XMLSchema-instance"
    xsi:schemaLocation="http://www.loc.gov/MARC21/slim http://www.loc.gov/standards/marcxml/schema/MARC21slim.xsd"
    xmlns="http://www.loc.gov/MARC21/slim">

  <leader>00972nam a2200265 a 4500</leader>
  <controlfield tag="001">78649</controlfield>
  <controlfield tag="003">BD-RjUL</controlfield>
  <controlfield tag="005">20211209083145.0</controlfield>
  <controlfield tag="008">211027s19551375ir       b    001 0 perrd</controlfield>
  <datafield tag="020" ind1=" " ind2=" ">
    <subfield code="a">9643052389</subfield>
  </datafield>
  <datafield tag="035" ind1=" " ind2=" ">
    <subfield code="a">(BD-RjUL)78875</subfield>
  </datafield>
  <datafield tag="040" ind1=" " ind2=" ">
    <subfield code="a">OSU</subfield>
    <subfield code="c">OSU</subfield>
    <subfield code="b">eng</subfield>
  </datafield>
  <datafield tag="041" ind1="0" ind2=" ">
    <subfield code="a">per</subfield>
  </datafield>
  <datafield tag="082" ind1=" " ind2=" ">
    <subfield code="2">23</subfield>
    <subfield code="a">891.551</subfield>
    <subfield code="b">KAD 1955</subfield>
  </datafield>
  <datafield tag="100" ind1="1" ind2=" ">
    <subfield code="a"> &#x643;&#x632;&#x627;&#x632;&#x649;  &#x645;&#x64A;&#x631; &#x62C;&#x644;&#x627;&#x644; &#x627;&#x644;&#x62F;&#x64A;&#x646; ;; Kazz&#x101;z&#x12B;, M&#x12B;r Jal&#x101;l al-D&#x12B;n.</subfield>
    <subfield code="9">249380</subfield>
  </datafield>
  <datafield tag="245" ind1="1" ind2="0">
    <subfield code="a"> &#x62F;&#x64A;&#x648;&#x627;&#x646; &#x62E;&#x627;&#x642;&#x627;&#x646;&#x649; &#x634;&#x631;&#x648;&#x627;&#x646;&#x649; ;; D&#x12B;w&#x101;n-i Kh&#x101;q&#x101;n&#x12B; Shirv&#x101;n&#x12B; /</subfield>
    <subfield code="c">&#x645;&#x64A;&#x631; &#x62C;&#x644;&#x627;&#x644; &#x627;&#x644;&#x62F;&#x64A;&#x646; &#x643;&#x632;&#x627;&#x632;&#x649; ;; v&#x12B;r&#x101;stah-&#x2BC;i M&#x12B;r Jal&#x101;l al-D&#x12B;n Kazz&#x101;z&#x12B;.</subfield>
  </datafield>
  <datafield tag="250" ind1=" " ind2=" ">
    <subfield code="a">Ch&#x101;p-i 1.</subfield>
  </datafield>
  <datafield tag="260" ind1=" " ind2=" ">
    <subfield code="a">Tihr&#x101;n :</subfield>
    <subfield code="b">Nashr-i Markaz,</subfield>
    <subfield code="c">1375 [1955]</subfield>
  </datafield>
  <datafield tag="300" ind1=" " ind2=" ">
    <subfield code="a">2 v. (1406 p.) ;</subfield>
    <subfield code="c">24 cm.</subfield>
  </datafield>
  <datafield tag="505" ind1="0" ind2="0">
    <subfield code="t">Ch&#x101;mah&#x2B9;h&#x101; va tark&#x12B;b&#x2B9;band&#x2B9;h&#x101; --</subfield>
    <subfield code="t">Ghazalh&#x101;, qi&#x1E6D;&#x2BF;ah&#x2B9;h&#x101;, ch&#x101;r&#x101;nah&#x2B9;h&#x101; va sur&#x16B;dah&#x2B9;h&#x101;-yi &#x2BF;Arab&#x12B;.</subfield>
  </datafield>
  <datafield tag="650" ind1=" " ind2=" ">
    <subfield code="a">Persian Poetry</subfield>
    <subfield code="9">249381</subfield>
  </datafield>
  <datafield tag="942" ind1=" " ind2=" ">
    <subfield code="2">ddc</subfield>
    <subfield code="c">BK</subfield>
  </datafield>
  <datafield tag="999" ind1=" " ind2=" ">
    <subfield code="c">78649</subfield>
    <subfield code="d">78649</subfield>
  </datafield>
  <datafield tag="952" ind1=" " ind2=" ">
    <subfield code="0">0</subfield>
    <subfield code="1">0</subfield>
    <subfield code="2">ddc</subfield>
    <subfield code="4">0</subfield>
    <subfield code="7">1</subfield>
    <subfield code="8">NFIC</subfield>
    <subfield code="a">RUCL</subfield>
    <subfield code="b">RUCL</subfield>
    <subfield code="c">Reading</subfield>
    <subfield code="d">2007-08-13</subfield>
    <subfield code="e">Iran Embassy, Dhaka</subfield>
    <subfield code="l">0</subfield>
    <subfield code="o">F 891.551 KAD V-2 1955</subfield>
    <subfield code="r">2021-10-27 00:00:00</subfield>
    <subfield code="t">C-1</subfield>
    <subfield code="w">2021-10-27</subfield>
    <subfield code="y">BK</subfield>
  </datafield>
  <datafield tag="952" ind1=" " ind2=" ">
    <subfield code="0">0</subfield>
    <subfield code="1">0</subfield>
    <subfield code="2">ddc</subfield>
    <subfield code="4">0</subfield>
    <subfield code="7">1</subfield>
    <subfield code="8">NFIC</subfield>
    <subfield code="a">RUCL</subfield>
    <subfield code="b">RUCL</subfield>
    <subfield code="c">Reading</subfield>
    <subfield code="d">2007-08-13</subfield>
    <subfield code="e">Iran Embassy </subfield>
    <subfield code="l">0</subfield>
    <subfield code="o">F 891.551 KAD V-1 1955</subfield>
    <subfield code="r">2021-10-28 00:00:00</subfield>
    <subfield code="t">C-1</subfield>
    <subfield code="w">2021-10-28</subfield>
    <subfield code="y">BK</subfield>
  </datafield>
</record>
